000 00988nam a22002777a 4500
003 dpl
005 20180830160516.0
008 180830b xxu||||| |||| 00| 0 eng d
010 _aA-396195
020 _c30.00
035 _aA-396195, B-100793
037 _bCen Lib/Ret
040 _aDPL
_bHN
_c0
082 _a
_bनागर
100 _aनागर, अमृतलाल
_971205
245 _aबिखरे तिनके /
_cअमृतलाल नागर
246 _aBikhare tinke /
_bby Amritlal Nagar
260 _aदिल्ली
_bराजपाल एंड संस
_c1986
270 _bदिल्ली
_aकश्मीरी गेट
_e110006
300 _a108पृ.
_c21सेमी(सजिल्द )
650 _aहिन्दी साहित्य
_x
_z
_971206
650 _aउपन्यास
_971207
650 _aHindi literature
_971208
650 _aFiction
_98901
942 _2ddc
_cHN
_h
_mनागर
999 _c117293
_d117293